Διοίκηση και αξιολόγηση της απόδοσης : μελέτη συστήματος αξιολόγησης αποδόσης της Δ.Ε.Η. Α.Ε. : διπλωματική εργασία

Saved in:
Bibliographic Details
Main Author: Λαγκαδούσης, Ανδρέας
Corporate Author: Πανεπιστήμιο Αιγαίου Σχολή Επιστημών της Διοίκησης Τμήμα Μηχανικών Οικονομίας και Διοίκησης Μεταπτυχιακό Πρόγραμμα Σπουδών "Οικονομική & Διοίκηση για Μηχανικούς" - Ο.ΔΙ.Μ
Other Authors: Τερζή, Κονδύλω (Thesis advisor)
Format: Thesis Book
Language:Greek
Published: 2006
Subjects:
Tags: Add Tag
No Tags, Be the first to tag this record!

MARC

LEADER 00000cam a2200000 i 4500
001 1/39797
008 061222s2006 gre d
035 |l 10086675 
040 |a GR-MY-UA  |b gre  |e aacr 
041 0 |a gre 
082 0 |a 658.3125  |2 (22) 
100 1 |a Λαγκαδούσης, Ανδρέας. 
245 1 0 |a Διοίκηση και αξιολόγηση της απόδοσης :  |b μελέτη συστήματος αξιολόγησης αποδόσης της Δ.Ε.Η. Α.Ε. : διπλωματική εργασία /  |c Λαγκαδούσης Ανδρέας ; διδάσκων Κονδύλω Τερζή 
260 |c 2006 
300 |a 87 σ.;  |b διαγρ.;  |c 30 εκ. 
502 # # |a Διατριβή (μεταπτυχιακή) – Πανεπιστήμιο Αιγαίου, Χίος, 2006. 
504 |a Βιβλιογραφία: σ.62-66 
610 2 0 |a Δημόσια Επιχείρηση Ηλεκτρισμού. 
610 2 0 |a Πανεπιστήμιο Αιγαίου. 
650 0 0 |a Employees  |x Rating of. 
650 0 0 |a Performance  |x Evaluation. 
650 0 0 |a Government business enterprises  |x Employees. 
650 0 0 |a Dissertations, Academic  |z Greece. 
700 0 |a Τερζή, Κονδύλω.  |4 ths 
710 1 |a Πανεπιστήμιο Αιγαίου  |b Σχολή Επιστημών της Διοίκησης  |b Τμήμα Μηχανικών Οικονομίας και Διοίκησης  |b Μεταπτυχιακό Πρόγραμμα Σπουδών "Οικονομική & Διοίκηση για Μηχανικούς" - Ο.ΔΙ.Μ. 
852 |a INST  |b CHIOS  |c DIATR  |e 20061222  |h 658.3125 ΛΑΓ  |p 005200029158  |q 005200029158  |t MTXE  |y 23 
852 |a INST  |b CHIOS  |c DIATR  |e 20061222  |h 658.3125 ΛΑΓ  |p 005200029159  |q 005200029159  |t MTXE  |y 23 
901 |a BIBL2-2006-3 
909 |a Χ  |b 130837 
909 |a Χ  |b 130838 
924 |a ΛΑΓΚΑΔΟΥΣΗΣ  |b ΑΝΔΡΕΑΣ  |y ΧΙΟΣ  |z 2006-11 
970 |a ΒΑΣΙΛΑΚΗ  |b ΝΙΚΗ  |z 2006/12/22